| 000 | 00659nam a2200217Ia 4500 | ||
|---|---|---|---|
| 001 | 247 | ||
| 005 | 20251205092241.0 | ||
| 008 | 251203t2010||||xx |||||||||||||| ||spa|| | ||
| 020 | _a9789972111150 | ||
| 041 | _aESP | ||
| 082 |
_a370.1523 _bCH549 |
||
| 100 |
_aChico González, Pedro, _cAUT |
||
| 245 | 0 | _aTeorías del aprendizaje | |
| 250 | _aPrimera edición | ||
| 260 |
_aLima : _bAsociación Editorial Bruño, _c2010 |
||
| 300 |
_a363 páginas : _b ilustraciones, retratos ; _c 24 cm. |
||
| 650 | _aCIS | ||
| 653 | _aTeorías del aprendizaje; Psicología del aprendizaje; Aprendizaje - Estudio y enseñanza | ||
| 654 | _aCTP | ||
| 942 |
_cLIB _dJUS _fMAT _2ddc |
||
| 999 |
_c247 _d247 |
||